Questions aléatoires de géographie - 19 - Statistiques

Statistiques générales
  • Ce quiz a été pris 122 fois
  • Le résultat moyen est 7 sur 15
Statistiques - réponses
Indice Réponse % Correct
Quel est le nouveau nom de la Birmanie depuis 1989 ? le Myanmar
87%
Quelle péninsule asiatique a été divisé en deux pays suite à une guerre civile ? la Corée
81%
Quelle mer borde l'Erythrée ? la mer Rouge
77%
Sur quelle île se trouve Héraklion ? la Crète
76%
De quelle ville proviennent les BN ? Nantes
71%
Quelle province canadienne tire son nom d'un des grands lacs d'Amérique du nord ? l Ontario
54%
Quelle est la plus grande ville du Roussillon ? Perpignan
53%
Quel archipel tanzanien de l'océan Indien comprend les îles de Unguja, Pemba et Mafia ? Zanzibar
51%
Quelle est la capitale du Sri Lanka ? Sri Jayawardenapura Kotte
45%
Quelle île partagée par deux pays, est considérée comme l'île possédant la plus grande biodiversité au monde ? la Nouvelle-Guinée
25%
Quelle est la plus grande montagne d'Amérique du Nord ? le Denali
25%
Quelle nom de ville signifie "Le port parfumé" ? Hong Kong
16%
Sur quel lac du Venezuela était situé une ville construite sur l'eau "comme Venise", donnant son nom au pays ? le lac Maracaibo
15%
Quelle rivière traverse Moscou ? La Moskova
14%
A quel massif montagneux appartient la ville de Madrid ? La Sierra de Guadarrama
2%
Aucun quiz correspondant
Distribution des résultats
% des personnes avec chaque résultat
Percentile par nombre de réponses
Votre historique - résultats
Vous n’avez pas pris ce quiz